Welcome to the Holygrace Academy Library

Please use search bar below to get started

NIBHANDHKOSH (Record no. 6508)

MARC details
000 -LEADER
fixed length control field 00258nam a22001217a 4500
020 ## - INTERNATIONAL STANDARD BOOK NUMBER
ISBN 978-81-8355-567-8
082 ## - DEWEY DECIMAL CLASSIFICATION NUMBER
Classification number 494
Item number MAP/A
245 ## - TITLE STATEMENT
Title NIBHANDHKOSH
260 ## - PUBLICATION, DISTRIBUTION, ETC. (IMPRINT)
Place of publication NOIDA
Name of publisher MAPLE PRESS
300 ## - PHYSICAL DESCRIPTION
Number of Pages 272
650 ## - SUBJECT ADDED ENTRY--TOPICAL TERM
Topical Term HINDI COMPOSITION
Geographic subdivision INDIA
942 ## - ADDED ENTRY ELEMENTS (KOHA)
Koha item type Books
Holdings
Withdrawn status Lost status Collection code Home library Current library Shelving location Date acquired Source of acquisition Full call number Accession Number Koha item type
    Reference Main Library Main Library   05/10/2015 PURCHASE 494 MAP/A 09573 Books